|
|
|
|
| LEADER |
00973nam a2200301 4500 |
| 001 |
DLU210196712 |
| 005 |
##20210706 |
| 040 |
# |
# |
|a DLU
|b vie
|
| 041 |
# |
# |
|a vie
|
| 044 |
# |
# |
|a vn
|
| 100 |
# |
# |
|a Trần Đơn.
|
| 245 |
# |
# |
|a Hiệp định Paris năm 1973 - thắng lợi cả về quân sự, chính trị và ngoại giao của Việt Nam /
|c Trần Đơn.
|
| 653 |
# |
# |
|a Đấu tranh chính trị
|
| 653 |
# |
# |
|a Đấu tranh quân sự
|
| 653 |
# |
# |
|a Hiệp định Paris
|
| 653 |
# |
# |
|a Kháng chiến chống Mỹ
|
| 653 |
# |
# |
|a Việt Nam
|
| 773 |
# |
# |
|t Nghiên cứu Châu Âu
|g Số 2(209), 2018, tr. 46-51
|
| 920 |
# |
# |
|a Phòng Tạp chí -- Trung tâm Thông tin - Thư viện Trường Đại học Đà Lạt
|
| 933 |
# |
# |
|a XH
|
| 994 |
# |
# |
|a DLU
|
| 900 |
# |
# |
|a True
|
| 911 |
# |
# |
|a Hoàng Thị Huyền
|
| 925 |
# |
# |
|a G
|
| 926 |
# |
# |
|a A
|
| 927 |
# |
# |
|a BB
|
| 980 |
# |
# |
|a Thư viện Trường Đại học Đà Lạt
|